Statistics and truth: putting chance to work

Kaydedildi:
Detaylı Bibliyografya
Yazar: Rao, Calyampudi Radhakrishna (Yazar)
Materyal Türü: Kitap
Dil:İngilizce
Baskı/Yayın Bilgisi: Singapur World Scientific 1997
Konular:
Etiketler: Etiketle
Etiket eklenmemiş, İlk siz ekleyin!

MARC

LEADER 00000nam a2200000 a 4500
001 UCO6012
003 CL-VaPUC
008 000929e19970000si |||||||||||||||||eng|d
082 0 4 |a 519.5  |b RAO  |2 21 
100 0 |a Rao, Calyampudi Radhakrishna  |e author  |9 450810 
245 1 0 |a Statistics and truth: putting chance to work 
300 |a 192 p 
942 |c BK 
945 |d 20000929 00:00:00  |a vberengu 
260 |a Singapur  |b World Scientific  |c 1997 
650 0 |a Estadística   |9 259535 
650 0 |a Estadística matemática  |9 260028 
650 0 |a Estadísticas matemáticas  |9 335044 
583 |a last modification  |c 20171221 03:23:05  |k Rodrigo Vera 
999 |c 291807  |d 291805 
952 |0 0  |1 0  |4 0  |6 519_500000000000000_RAO_1997  |7 0  |8 A  |9 342004  |a BIBGIM  |b BIBGIM  |d 2019-11-20  |i 3653862  |o 519.5 RAO 1997  |p 3653862  |r 2025-01-15  |w 2019-11-20  |y BK  |k EST